ILLIT - Quiz Ultime - Statistiques

Statistiques générales
  • Ce quiz a été pris 48 fois
    43 depuis la dernière actualisation
  • Le résultat moyen est 33 sur 58
Statistiques - réponses
Hint Réponse % Correct
Autres Nombre de membres japonaises 2
100%
Autres Son classement du survival show 2e
100%
Informations générales Année de début 2024
97%
Début 1ère chanson réalisée Magnetic
94%
Informations générales Maison mère de l'agence HYBE
91%
Informations générales Nom des fans GLLIT
88%
Autres La maknae du grouep Iroha
81%
Membres : Wonhee Classement du survival show 1ère
78%
Informations générales Année de formation 2023
78%
Autres La unnie du grouep Yunah
78%
Membres : Minju Classement du survival show 3ème
75%
Membres : Iroha Classement du survival show 4ème
75%
Autres Groupe qu'elle a rejoint par la suite ALLDAY PROJECT
75%
Membres : Iroha Couleur Bleu
72%
Membres : Iroha Nationalité Japon
72%
Membres : Moka Nationalité Japon
72%
Membres : Moka Classement du survival show 5ème
69%
Membres : Yunah Classement du survival show 6ème
69%
Autres Nom du group concurrent accusée de les plagier NewJeans / NJZ
69%
Membres : Wonhee Couleur Rose
69%
Membres : Minju Couleur Jaune
66%
Membres : Yunah Couleur Rouge
66%
Membres : Minju Nationalité Corée du Sud
63%
Membres : Wonhee Nationalité Corée du Sud
63%
Membres : Yunah Nationalité Corée du Sud
63%
Autres Nom de la membre qui a quitté de groupe avant leur début Youngseo
63%
Membres : Wonhee Signe astrologique Cancer
59%
Membres : Yunah Signe astrologique Capricorne
59%
Membres : Iroha Position Main dancer / sub-vocalist / maknae
59%
Informations générales Survival Show où le groupe s'est formé R U Next?
59%
Membres : Moka Couleur Violet
59%
Membres : Iroha Signe astrologique Verseau
56%
Membres : Wonhee Nom complet Lee Won-hee
53%
Membres : Moka Signe astrologique Balance
50%
Membres : Yunah Position Leader / lead vocalist / lead dancer
50%
Informations générales Nom de leur agence Belift Lab
47%
Membres : Minju Signe astrologique Taureau
47%
Membres : Minju Position Main vocalist
44%
Membres : Minju Nom complet Park Min-ju
44%
Albums 2024 I'll Like You
41%
Albums 2024 Super Real Me
41%
Membres : Moka Nom complet Sakai Moka
38%
Membres : Wonhee Position Vocalist / center
38%
Albums 2025 Bomb
34%
Membres : Moka MBTI ISFP
34%
Membres : Wonhee MBTI ISFP
34%
Membres : Minju MBTI ISTP / ISTJ
34%
Membres : Moka Position Lead dancer / sub-vocalist
34%
Membres : Iroha Anniversaire 4 février 2008
31%
Membres : Yunah Nom complet Noh Yun-ah
31%
Début 1ère chanson en japonais Toki Yo Tomare
31%
Membres : Yunah Anniversaire 15 janvier 2004
28%
Membres : Yunah MBTI ENTP
28%
Membres : Iroha Nom complet Hokazono Iroha
28%
Membres : Minju Anniversaire 11 mai 2004
25%
Membres : Wonhee Anniversaire 26 juin 2007
25%
Membres : Moka Anniversaire 8 octobre 2004
25%
Membres : Iroha MBTI INFJ
25%
Aucun quiz correspondant
Distribution des résultats
% des personnes avec chaque résultat
Percentile par nombre de réponses
Votre historique - résultats
Vous n’avez pas pris ce quiz depuis la dernière actualisation